000 01616nam a2200325Ia 4500
008 130821s1947 xxua gs eng
020 _a783219571
040 _aCo-BoUCM
_bspa
041 0 0 _aeng
092 _aDVD 0493
245 0 3 _aGentleman's agreement
_c[DVD]
_c[dirigida por] Oliver Stone
246 1 3 _aLa barrera invisible
260 _aWashington D.C. (Estados Unidos)
_b20th Century Fox
_c1947
300 _a1 DVD (118 min. )
_bson. byn
490 0 _aStudio Classics
500 _aSINOPSIS : Un escritor que realiza un libro sobre el antisemitismo se hace pasar por judío, sorprendiéndose de la cantidad de problemas y las reacciones de amigos y compañeros de trabajo que conlleva profesar esta religión.
508 _aDirector, Elia Kazan; Productor, Darryl F. Zanuck ; Guión, Moss Hart; Música, Alfred Newman; Fotografía, Arthur Miller (B&N).
511 _aGregory Peck, Dorothy McGuire, John Garfield, Celeste Holm, Anne Revere, June Havoc, Albert Dekker, Jane Wyatt, Dean Stockwell.
546 _aAudio en Inglés, Español y Francés. Subtítulos en Inglés y Español.
650 0 4 _aEntretenimiento
_926487
650 0 4 _aEscritores en el cine
_vDVD
_914784
650 0 4 _aJudíos en el cine
_vDVD
_918102
650 0 4 _aJudíos
_xCondiciones políticas y sociales
_vDVD
_918096
650 0 4 _aPelículas cinematográficas
_zEstados Unidos
_vDVD
_97903
650 0 4 _aSociología
_9386
700 1 _aKazan, Elia
_edir.
710 2 _aTwentieth Century Fox
856 0 4 _uhttp://www.youtube.com/watch?v=KYDIWrcevkQ
_zSiga este vínculo para ver el trailer.
942 _cMULTIMEDIA
_2LOCAL
_a5
_e1
999 _c63557
_d63557